zpět

Detail výsledku týmu

Pizza-Doma ST, Plzeň

Datum a čas kvízu

33 Celkem bodů Celkový počet nahraných bodů na tomto kvízu bez doplňovacích otázek.
4. Pořadí na kvízu Konečné umístění týmu na tomto kvízu.

Zaznamenané odpovědi

# Otázka Odpověď Body Výsledky
1. Jak se jmenuje první kompletně... Olbrachtova 0
2. Minulý týden informovala média... C 1
3. Minulý čtvrtek byl uveden do k... Nepela 1
4. Která automobilka představila... Mazda 1
5. Který český hokejista podepsal... Martin Nečas 1
6. Ačkoliv je čas večeře, věnujem... vejce; slaninu 0.5
7. Od slané ke sladké snídani. V... javorový sirup 1
8. „Snídaně v trávě“ není název: D 0
9. Když vyrazíme od Mumlavského v... Krakonošova snídaně 0
10. Mnozí z nás si snídani bez káv... třešně 1